Регионална библиотека "Любен Каравелов" - Русе

Мълчаливи герои (Запис номер 133745)

MARC детайли
000 -Лидер
Контролно поле с фиксирана дължина 02128nam a2200421 c 4500
003 - Код на организацията, давaща контролен номер
Контролно поле BLK
005 - Дата и час на последна редакция
Контролно поле 20241114005503.0
008 - Елементи от данни с фиксирана дължина
fixed length control field 180409b bul|||||r ||||||| ||bul||
010 ## - Наследен системен номер
LC control number KNG00139645000
040 ## - Източник на каталожния запис
Идентификатор на билиотеката - собственик на записа BLK
041 ## - Код за език
Код за езика на текст/звукозапис или на отделно заглавие Български
Код за езика КДБФ Български
080 ## - УДК
Текстов определител УДК Българска литература
УДК код - определител по УДК 821.163.2
УДК определител -93-312.6
УДК - код + определител 821.163.2-93-312.6
080 ## - УДК
Текстов определител УДК Освобождение на България. Руско-турска война (1877-1878)
УДК код - определител по УДК 94(497.2)"1877/1878"
УДК определител (092)(0:82-31)
УДК - код + определител 94(497.2)"1877/1878"(092)(0:82-31)
080 ## - УДК
Текстов определител УДК Капитан Райчо, дядо Райчо, Райчо Николаев. Опълченец-поборник, български военен деец и офицер, майор
УДК код - определител по УДК 929 Николов, Райчо
УДК определител
УДК - код + определител 929 Николов, Райчо
100 ## - Редна дума - Автор
Автор Габе, Дора Петрова
Автор - информация (биография) Поетеса и писателка. Преводачка от полски език.
Дати, свързани с автора 1886-1983
Пълна форма на името Габе, Изидора Петрова
R(LIN) 369524
139 ## - Редно поле
Редна дума Габе, Дора Петрова
Авторски знак Габ - Г 13
245 10 - Сведения за заглавието
Заглавие Мълчаливи герои
Подзаглавни данни Роман за юноши
Редно поле (дума) Дора Габе; худож. Тодор Панайотов.
250 ## - Област на изданието
Сведения за изданието 6. изд.
257 ## - Страна на издаване
Страна на създаване/издаване България
260 ## - Област на издателските данни
-- София
Име на издателя, разпространителя и проч. Бълг. писател
Година на издаване 1985
300 ## - Физическа характеристика
Страници 176 с.
Илюстрации и др. с ил.
Размери/Мащаб 21 см
380 ## - Жанр
Жанр Детска худож. лит.
500 ## - Общи забележки
Забележка 1. изд. 1955 ; В. кн. означено 9. изд. - 110 110 тир.
600 #0 - Име на лице, използвано като предмет
За него / За нея Николов, Райчо Николов
Свързани дати 1840 - 1885
9 (RLIN) 324006
650 #4 - Допълнително описание по предмет – тема
Основно описание – тема или топоним Николов, Райчо
9 (RLIN) 324006
651 #4 - Допълнително описание по предмет - топоним
Географско понятие България
9 (RLIN) 241624
653 ## - Ключова дума – ненормативна
Ключова дума Райчо Николов
653 ## - Ключова дума – ненормативна
Ключова дума романизувани биографии
653 ## - Ключова дума – ненормативна
Ключова дума литература за деца
653 ## - Ключова дума – ненормативна
Ключова дума детска литература
700 1# - Други автори (авторска отговорност)
Лично име Панайотов, Тодор
Автороска отговорност (Описва отношението между автора и произведението) худож.
9 (RLIN) 367264
852 ## - Местоположение
Форматна сигнатура Цб 257820
856 4# - Електронен адрес и достъп
Електронен формат pdf - файл
Път до файла /url/
856 4# - Електронен адрес и достъп
Електронен формат pdf - файл
Път до файла /url/
942 ## - АРТИКУЛИ
Вид на библиотечния материал Книги
Скрит в OPAC Не
Koha issues (borrowed), all copies 2
944 ## - СЪЗДАВАНЕ И РЕДАКЦИЯ на ЗАПИСА
Създаване/Редакция Създаване
Дата на регистрацията/редакция 16.02.2013
Статус, дата на статуса CRON CRON
Служител, извършил регистрацията/редакцията
944 ## - СЪЗДАВАНЕ И РЕДАКЦИЯ на ЗАПИСА
Създаване/Редакция Редакция
Дата на регистрацията/редакция 13.09.2017
Статус, дата на статуса 16.02.2013 - от С1,Р / 16.02.2013
Служител, извършил регистрацията/редакцията Севдалина_Василева
999 ## - СИСТЕМНИ КОНТРОЛНИ НОМЕРА
Koha biblionumber 133745
Koha biblioitemnumber 133745
Наличности
Код за отписване Код за изгубен артикул Източник на класификационната схема Код за повреда Коз за рестрикции Код за отдаване Артикулен № Име на библиотеката - собственик Име на библиотеката, в която се намира в момента Статус (Текущо местоположение) Дата на вписване в системата Местоположение - отдел Цена в лева Инвентарен номер Систематично азбучна сигнатура Баркод Номер на екземпляра Цена в евро Служебна бележка Служебен тип на артикула Бележка за публиката
  Не е изгубен Universal Decimal Classification Не е повреден без рестрикции ползва се в читалня 218210 Регионална библиотека "Любен Каравелов" Русе Регионална библиотека "Любен Каравелов" Русе Хранилище 1985-01-01 Хранилище 1.20 438398 Цб 257820 120000438398 1 0.61 N: стар фонд Дата: 01.01.1985 Книги  
Изтеглен Не е изгубен   Не е повреден без рестрикции заемане за дома 218211 Регионална библиотека "Любен Каравелов" Русе Регионална библиотека "Любен Каравелов" Русе   1985-01-01 Детски отдел 1.20 440407 ДХ 886.7/Г 13 440407 2 0.61 N: стар фонд Дата: 01.01.1985 Дата инв: 01.09.2015 Бележки инв: Д2015 Книги Отч.N: 28/2017 , Дата: 16.08.2017
Изтеглен Не е изгубен   Не е повреден без рестрикции заемане за дома 218212 Регионална библиотека "Любен Каравелов" Русе Регионална библиотека "Любен Каравелов" Русе   1985-01-01 Детски отдел 1.20 440411 ДХ 886.7/Г 13 440411 3 0.61 N: стар фонд Дата: 01.01.1985 Дата инв: 01.09.2015 Бележки инв: Д2015 Книги Отч.N: 28/2017 , Дата: 16.08.2017
Изтеглен Не е изгубен Universal Decimal Classification Не е повреден без рестрикции заемане за дома 218213 Регионална библиотека "Любен Каравелов" Русе Регионална библиотека "Любен Каравелов" Русе Детски отдел 1985-01-01 Детски отдел 1.20 440412 ДХ 886.7/Г 13 440412 4 0.61 N: стар фонд Дата: 01.01.1985 Дата инв: 01.09.2015 Бележки инв: Д2015 Книги  
Изтеглен Не е изгубен   Не е повреден без рестрикции заемане за дома 218214 Регионална библиотека "Любен Каравелов" Русе Регионална библиотека "Любен Каравелов" Русе   1985-01-01 Детски отдел 1.20 440413 ДХ 886.7/Г 13 440413 5 0.61 N: стар фонд Дата: 01.01.1985 Дата инв: 01.09.2015 Бележки инв: Д2015 Книги Отч.N: 28/2017 , Дата: 16.08.2017
Изтеглен Не е изгубен   Не е повреден без рестрикции заемане за дома 218215 Регионална библиотека "Любен Каравелов" Русе Регионална библиотека "Любен Каравелов" Русе   1985-01-01 Детски отдел 1.20 440420 ДХ 886.7/Г 13 440420 6 0.61 N: стар фонд Дата: 01.01.1985 Дата инв: 01.09.2015 Бележки инв: Д2015 Книги Отч.N: 39/2017 , Дата: 07.09.2017
Vip Innovations Ltd, Rousse, Bulgaria 2025